Statistics for Multiple Choice - World Gen. Knowledge 1

Click here to take the quiz!

General Stats

  • This quiz has been taken 251 times
  • The average score is 10 of 20

Answer Stats

QuestionAnswer% Correct
Which 'Acid' is found in Lemons?Citric acid
88%
In the Hindu Religion, 'Ganesh' is a God with the head of which animal?Elephant
81%
In literature, Who is Tom Sawyer's best friend in the Mark Twain stories?Huckleberry Finn
81%
In which ocean are the Islands of the Maldives ?Indian
78%
The 'Collar Bone' is the common name for which Human Bone?Clavicle
73%
The abstract anti-war mural painting 'Guernica' was the work of which artist?Pablo Picasso
68%
A person who takes particular pleasure in fine food and drink is an ?Epicure
58%
What is the South African 'Bunny Chow'?A meal of curry & bread
56%
Which Heavyweight Boxer, who retired undefeated, was killed in a plane crash in 1969?Rocky Marciano
54%
Approximately how far can light travel in 'One Second'?300,000 km (186,000 miles)
50%
What alcoholic drink is added to fermenting wine to make 'Port'?Brandy
44%
Who wrote the classic sci-fi novel 'The Time Machine'.......in which the 'Eloi' and the 'Morlocks' appear?H. G. Wells
44%
The 27 moons of Uranus take their names from characters in the plays of which 2 Authors?Alexander Pope and William Shakespeare
40%
'Geisha' is a Japanese word meaning?Entertainer
39%
Which distance is longest?10 miles
38%
Which fresh fruit has the least 'Calories'?Strawberries
30%
What plant was the 'Bounty's' cargo during the mutiny?Breadfruit
22%
The Statue of Liberty was originally designed for which country before they cancelled and it was then given to the USA?Egypt
20%
The 'Steel' for the Eiffel tower came from which Country?Romania
13%
Which Capital City is farthest West?Washington D.C., USA
13%

Score Distribution

Percentile by Number Answered

Percent of People with Each Score

Your Score History

You have not taken this quiz